Statistics for Missing Words #4 - Geography

Click here to take the quiz!

General Stats

  • This quiz has been taken 232 times
  • The average score is 16 of 20

Answer Stats

Name% Correct
{New} Orleans
100%
Hong {Kong}
99%
Golden {Gate} Bridge
98%
Notre {Dame} de Paris
98%
Caspian {Sea}
97%
{San} Marino
97%
{South} Sudan
97%
{West} Virginia
96%
{Loch} Ness
95%
{Côte} d’Ivoire
93%
{La} Paz
93%
Port-au-{Prince}
89%
Saint Kitts and {Nevis}
86%
{Tropic} of Capricorn
82%
West {Bank} and
the Gaza Strip
79%
Kuwait {City}
73%
East {China} Sea
70%
Schleswig-{Holstein}
34%
{Bay} of Kotor
28%
Mozambique {Channel}
18%

Score Distribution

Percentile by Number Answered

Percent of People with Each Score

Your Score History

You have not taken this quiz